000 00952nam a2200253Ia 4500
003 OSt
005 20220923214847.0
006 a|||||r|||| 00| 0
007 ta
008 220922b |||||||| |||| 00| 0 hin d
024 _a173,348
037 _cTextual
040 _aARTS
_cARTS
_bhin
041 _2hin
_ahin
082 _aO152,6x, K5
100 _aतिवारी, भोलानाथ
_9156271
245 0 _aनिबन्ध प्रभाकर
_b उच्च-कोटि के साहित्यिक तथा सामयिक निबन्धों का संग्रह
246 _aNibandha prabhākara: uchcha-koṭi ke sāhityik tathā sāmayik nibandhoan kā sangraha
250 _aसंस्क0 4
260 _c1965
650 _aहिन्दी साहित्य
_9156264
942 _hO152,6x, K5
_cTEXL
_2CC
999 _c327255
_d327255